000 00260 a2200133 4500
001 194786
040 _cMagnum
100 _aAlencar, José de
240 1 0 _aLucíola
_lpor
245 1 0 _aLucíola
300 _a114
697 _aLITERATURA GERAL
942 _cBK
999 _c194786
_d194786